Soustavy ekonomických informací. 2.část /

Enregistré dans:
Détails bibliographiques
Auteur principal: Fedorová, Anna (Auteur)
Format: Livre
Langue:tchèque
Publié: Praha : SNTL, 1984
Édition:1.vyd.
Sujets:
Tags: Ajouter un tag
Pas de tags, Soyez le premier à ajouter un tag!

MARC

LEADER 00000nam a22000003a 4500
001 stu36021
005 20150617225731.5
008 920520s1984----cs------------------cze-d
040 |a STU  |b slo 
041 0 |a cze 
044 |a cs 
080 |a 659.231 
080 |a 33(075.8) 
100 1 |a Fedorová, Anna  |4 aut 
245 1 |a Soustavy ekonomických informací. 2.část /  |c [aut.]Anna Fedorová 
250 |a 1.vyd. 
260 |a Praha :  |b SNTL,  |c 1984 
300 |a 99 s 
650 7 |a Informácie ekonomické  |2 stusub 
996 |b 284M004518  |c M*S-534-1  |l MMKN  |s A  |a 24  |w stu36021_0001 
996 |b 284M004519  |c M*S-534-2  |l MMKN  |s A  |a 24  |w stu36021_0002